এব্রাহাম - লিঙ্কন / (Record no. 1069767)

MARC details
000 -LEADER
fixed length control field 01157nam a2200337 a 4500
001 - CONTROL NUMBER
control field vtls001619827
003 - CONTROL NUMBER IDENTIFIER
control field NLI
005 - DATE AND TIME OF LATEST TRANSACTION
control field 20210628134013.0
008 - FIXED-LENGTH DATA ELEMENTS--GENERAL INFORMATION
fixed length control field 121214n ii 000 0basm
020 ## - INTERNATIONAL STANDARD BOOK NUMBER
Terms of availability Rs. 2.00
039 #9 - LEVEL OF BIBLIOGRAPHIC CONTROL AND CODING DETAIL [OBSOLETE]
-- 201212141943
-- VLOAD
040 ## - CATALOGING SOURCE
Original cataloging agency NLI
Language of cataloging asmeng
Transcribing agency Datasoft_Assamese
Description conventions AACR2
041 0# - LANGUAGE CODE
Language code of text/sound track or separate title asm
044 ## - COUNTRY OF PUBLISHING/PRODUCING ENTITY CODE
MARC country code ii
082 04 - DEWEY DECIMAL CLASSIFICATION NUMBER
Classification number 923.173
100 1# - MAIN ENTRY--PERSONAL NAME
Linkage 880-01
Personal name লুডউইগ, এমিল
245 10 - TITLE STATEMENT
Linkage 880-02
Title এব্রাহাম - লিঙ্কন /
Statement of responsibility, etc. এমিল লুডউইগ
260 ## - PUBLICATION, DISTRIBUTION, ETC.
Place of publication, distribution, etc. [S.l. :
Name of publisher, distributor, etc. s.n.,
Date of publication, distribution, etc. n.d.]
300 ## - PHYSICAL DESCRIPTION
Extent 201 p. ;
Dimensions 18 cm.
600 10 - SUBJECT ADDED ENTRY--PERSONAL NAME
Personal name Lincoln, Abraham,
Dates associated with a name 1809-1865
General subdivision Biography
9 (RLIN) 690849
650 #0 - SUBJECT ADDED ENTRY--TOPICAL TERM
Topical term or geographic name entry element Persidents
Geographic subdivision United State
General subdivision Biography
9 (RLIN) 743988
651 #0 - SUBJECT ADDED ENTRY--GEOGRAPHIC NAME
Geographic name United States
General subdivision Kings and rulers
-- Biography
9 (RLIN) 690852
880 ## - ALTERNATE GRAPHIC REPRESENTATION
Linkage 100-01(B
a Ludwig, Emil
880 10 - ALTERNATE GRAPHIC REPRESENTATION
Linkage 245-02(B
a Ebrāhām - Linkon /
c Emil Ludwig
887 ## - NON-MARC INFORMATION FIELD
Content of non-MARC field Mithu Nag / 09.06.2012 (Tulika Das)
901 ## - LOCAL DATA ELEMENT A, LDA (RLIN)
a 2761
b 25.02.1972
902 ## - LOCAL DATA ELEMENT B, LDB (RLIN)
a A 923.173 L 626 l
904 ## - LOCAL DATA ELEMENT D, LDD (RLIN)
c Mithu Nag / 09.06.2012 (Tulika Das)
l 1003
949 ## - LOCAL PROCESSING INFORMATION (OCLC)
-- VIRTUAITEM
-- 10000
-- 100
6 DBA000002761ASM
942 ## - ADDED ENTRY ELEMENTS (KOHA)
Source of classification or shelving scheme Dewey Decimal Classification
Koha item type Books
Holdings
Withdrawn status Lost status Damaged status Not for loan Collection code Home library Current library Shelving location Date acquired Total Checkouts Full call number Barcode Date last seen Price effective from Koha item type
        Assamese National Library of India National Library of India Assamese - Books - Main Stack Division     A 923.173 L 626 l DBA000002761ASM 28/06/2021 28/06/2021 Books
                                                                           
web counter

Copyright ©2020 The National Library of India, Govt. of India ↔ Hosted by NVLI, MOC ↔ Technology and Design by National Library of India, Ministry of Culture, Govt. of India